| 000 | 00465nam a2200181Ia 4500 | ||
|---|---|---|---|
| 008 | 151213s9999 xx 000 0 und d | ||
| 020 | _a978-81-315-0374-4 | ||
| 082 |
_a332.6 _b332.6 |
||
| 100 | _aJeff Madura | ||
| 245 |
_aInvestment Analysis and Portfolio Management _cJeff Madura |
||
| 250 | _a8th | ||
| 260 |
_aNew Delhi _bCengage learning _c2006 |
||
| 300 | _a11159 p. | ||
| 650 | _aFinance | ||
| 650 | _aFinance | ||
| 700 | _aJeff Madura | ||
| 999 |
_c4986 _d4986 |
||